Strange new worlds : (Record no. 20382)

MARC details
000 -LEADER
fixed length control field 01230cam a2200337 i 4500
001 - CONTROL NUMBER
control field 016316157
003 - CONTROL NUMBER IDENTIFIER
control field EG-ScBUE
005 - DATE AND TIME OF LATEST TRANSACTION
control field 20241218094735.0
008 - FIXED-LENGTH DATA ELEMENTS--GENERAL INFORMATION
fixed length control field 130327s2013 njua f bd f001 0 eng d
020 ## - INTERNATIONAL STANDARD BOOK NUMBER
International Standard Book Number 9780691158075 (pbk.)
040 ## - CATALOGING SOURCE
Original cataloging agency StDuBDS
Language of cataloging eng
Description conventions rda
Transcribing agency StDuBDS
Modifying agency Uk
-- EG-ScBUE
082 04 - DEWEY DECIMAL CLASSIFICATION NUMBER
Classification number 523.24
Edition number 22
Item number JAY
100 1# - MAIN ENTRY--PERSONAL NAME
Personal name Jayawardhana, Ray,
Relator term author.
9 (RLIN) 38677
245 10 - TITLE STATEMENT
Title Strange new worlds :
Remainder of title the search for alien planets and life beyond our solar system /
Statement of responsibility, etc with a new afterword by the author Ray Jayawardhana.
250 ## - EDITION STATEMENT
Edition statement First edition.
264 #1 - PUBLICATION, DISTRIBUTION, ETC. (IMPRINT)
Place of publication, distribution, etc Princeton ;
-- Oxford :
Name of publisher, distributor, etc Princeton University Press,
Date of publication, distribution, etc 2013.
300 ## - PHYSICAL DESCRIPTION
Extent 261 pages :
Other physical details illustrations (black and white) ;
Dimensions 22 cm
336 ## - CONTENT TYPE
Source rdacontent
Content type term text
Content type code txt
337 ## - MEDIA TYPE
Source rdamedia
Media type term unmediated
Media type code n
338 ## - CARRIER TYPE
Source rdacarrier
Carrier type term volume
Carrier type code nc
500 ## - GENERAL NOTE
General note Originally published: 2011.
500 ## - GENERAL NOTE
General note Includes glossary.<br/>
504 ## - BIBLIOGRAPHY, ETC. NOTE
Bibliography, etc Includes bibliographical references and index.<br/>
650 #0 - SUBJECT ADDED ENTRY--TOPICAL TERM
Topical term or geographic name as entry element Life on other planets.
Source of heading or term BUEsh
9 (RLIN) 33669
650 #7 - SUBJECT ADDED ENTRY--TOPICAL TERM
Topical term or geographic name as entry element Extrasolar planets.
Source of heading or term BUEsh
650 #7 - SUBJECT ADDED ENTRY--TOPICAL TERM
Topical term or geographic name as entry element Solar system.
Source of heading or term BUEsh
651 #7 - SUBJECT ADDED ENTRY--GEOGRAPHIC NAME
Geographic name Outer space
General subdivision Exploration.
Source of heading or term BUEsh
9 (RLIN) 6023
653 ## - INDEX TERM--UNCONTROLLED
Resource For college Engineering, General
Arrived date list November2015
655 ## - INDEX TERM--GENRE/FORM
Form subdivision Reading book
942 ## - ADDED ENTRY ELEMENTS (KOHA)
Source of classification or shelving scheme Dewey Decimal Classification
Koha item type Book - Borrowing
Holdings
Withdrawn status Lost status Source of classification or shelving scheme Damaged status Not for loan Collection code Home library Current library Shelving location Date acquired Source of acquisition Cost, normal purchase price Serial Enumeration / chronology Total Checkouts Total Renewals Full call number Barcode Date last seen Date checked out Cost, replacement price Koha item type
    Dewey Decimal Classification     Baccah Central Library Central Library First floor 30/07/2015 Purchase 118.00 21782 2 14 523.24 JAY 000038972 15/07/2025 15/04/2021 148.00 Book - Borrowing